Najniebezpieczniejsze miasta w Polsce - Statystyki

Ogólne statystyki
  • Ten quiz został rozwiązany 1 117 razy
  • Średni wynik to 4 z 10
Statystyki odpowiedzi
Lp. Ludność Województwo Miasto % Poprawnych
2. 400 900 Zachodniopomorskie Szczecin
80%
5. 99 350 Dolnośląskie Legnica
52%
1. 83 794 Małopolskie Nowy Sącz
46%
9. 35 719 Pomorskie Sopot
44%
6. 111 356 Dolnośląskie Wałbrzych
39%
3. 46 568 Zachodniopomorskie Kołobrzeg
35%
7. 79 061 Dolnośląskie Jelenia Góra
34%
8. 119 373 Śląskie Dąbrowa Górnicza
22%
4. 2 410 Zachodniopomorskie Gościno
2%
10. 2 299 Wielkopolskie Osieczna
1%
Nie znaleziono quizów pasujących do podanych kryteriów
Rozkład punktacji
Procent ludzi z każdym wynikiem
Percentyl według liczby udzielonych odpowiedzi
Twoja historia wyników
Nie rozwiązałeś tego quizu